Covalent immobilization of beta-galactosidase onto a gold-coated magnetoelastic transducer via a self-assembled monolayer : Toward a magnetoelastic biosensor /

Αποθηκεύτηκε σε:
Λεπτομέρειες βιβλιογραφικής εγγραφής
Κύριος συγγραφέας: Ball, J. Christopher.
Άλλοι συγγραφείς: Bachas, Leonidas G., Puckett, Libby G.
Μορφή: Άρθρο
Γλώσσα:English
Θέματα:
Ετικέτες: Προσθήκη ετικέτας
Δεν υπάρχουν, Καταχωρήστε ετικέτα πρώτοι!
Thư viện lưu trữ: Thư viện Trường Đại học Đà Lạt
LEADER 01169nam a2200373 4500
001 DLU090097630
005 ##20091201
040 # # |a DLU  |b eng 
041 # # |a eng 
044 # # |a us 
100 # # |a Ball, J. Christopher.  
245 # # |a Covalent immobilization of beta-galactosidase onto a gold-coated magnetoelastic transducer via a self-assembled monolayer : Toward a magnetoelastic biosensor /  |c J. Christopher Ball, Libby G. Puckett, Leonidas G. Bachas. 
653 # # |a Azo dye 
653 # # |a Biosensor 
653 # # |a Enzymatic activity 
653 # # |a Enzyme 
653 # # |a Galactosidase 
653 # # |a Gold 
653 # # |a Immobilization 
653 # # |a Magnetoelastic effect 
653 # # |a Monolayer 
653 # # |a Transducer 
700 # # |a Bachas, Leonidas G. 
700 # # |a Puckett, Libby G. 
773 # # |t Analytical Chemistry  |g Vol. 75, no. 24 (December 2003), p. 6932-6937 
920 # # |a Phòng Tạp chí -- Trung tâm Thông tin - Thư viện Trường Đại học Đà Lạt 
994 # # |a DLU 
900 # # |a True 
911 # # |a Trương Bảo Trâm Anh 
925 # # |a G 
926 # # |a A 
927 # # |a BB 
980 # # |a Thư viện Trường Đại học Đà Lạt